| 000 | 00815nam a22002537a 4500 | ||
|---|---|---|---|
| 008 | 160604s2015 pr||||| |||| 00| 0 spa d | ||
| 020 | _a9780977225101 | ||
| 082 |
_a701.17 _bH564h2 |
||
| 100 | 1 |
_aDelgado, Nicole. _95166 |
|
| 245 | 1 | 0 |
_aHerramienta generosa vol. #2 / _ceditado por Nicole Delgado...[et. al.]. |
| 250 | _a1a ed. | ||
| 260 |
_aPuerto Rico : _bBeta-Local ; Fundación Puertorriqueña de las Humanidades, _c2015. |
||
| 300 |
_a208 p. _bil. |
||
| 440 |
_n Herramienta Generosa _v2 _95167 |
||
| 653 | 1 | 0 | _aArte-Puerto Rico |
| 653 | 1 | 0 | _aEstética |
| 653 | 1 | 0 | _aCrítica y apreciación |
| 653 | 1 | 0 | _aPlanificación urbana |
| 653 | 1 | 0 | _aDesarrollo social |
| 653 | 1 | 0 | _aEnsayos |
| 700 | 1 |
_aMarxuach, Michy. _eed. _95168 |
|
| 700 | 1 |
_aMerino, Chiara. _eed. _95169 |
|
| 700 | 1 |
_aMuñoz, Irene. _eed. _95170 |
|
| 999 |
_c947 _d947 |
||